Countries with Spanish as an Official Language - Sudden Death - Statistics

General Stats
  • This quiz has been taken 165 times
    100 since last reset
  • The average score is 9 of 13
Answers on the Grid
Answers color-coded by a green-red scale on the quiz's grid according to % correct below.
Argentina
Brazil
Angola
Equatorial Guinea
Costa Rica
Guyana
Paraguay
Suriname
Mexico
Mozambique
Trinidad and Tobago
Colombia
Panama
Haiti
Spain
Guinea
Chile
Venezuela
Jamaica
Nicaragua
Dominican Republic
Togo
Philippines
Cuba
 
Answer Stats
Answer % Correct
Argentina
94%
Mexico
81%
Costa Rica
80%
Spain
80%
Paraguay
79%
Colombia
74%
Venezuela
71%
Panama
70%
Dominican Republic
69%
Chile
68%
Cuba
68%
Nicaragua
64%
Equatorial Guinea
53%
No matching quizzes found
Score Distribution
Percent of People with Each Score
Percentile by Number Answered
Your Score History
You have not taken this quiz since the last reset